000 00720cam a22002533a 4500
001 547
003 PGUSA
005 20140828082949.0
008 080702s2008||||xxu|||||s|||||000 1 eng d
040 _aPGUSA
_beng
042 _adc
050 4 _aPQ
100 1 _aGaboriau, Emile,
_d1832-1873
245 1 0 _aBaron Trigault's Vengeance
_h[electronic resource] /
_cEmile Gaboriau
260 _bProject Gutenberg,
_c2008
500 _aSequel to The Count's Millions. See PG#305
506 _aPublic domain in the USA.
516 _aElectronic text
653 _aDetective and mystery stories
653 _aFiction
830 0 _aProject Gutenberg
_v547
856 4 0 _uhttp://www.gutenberg.org/ebooks/547
942 _cEB
999 _c229898
_d229898